00254nam a22000977a 4500082001200000100002500012245003900037260005400076300000800130650001800138 a201 RAJ aRaju, Tadivaka Swami aMy Lord and I : A Living Testimony aHyderabadbTelugu Theological Litrary Boardc2012 a131 aAutobiography